Uno + uno : 32 líderes sumando por México /
Libro armado a partir de las reflexiones de treinta y dos mexicanos calificados como exitosos en sus respectivos campos de acción. En unos casos se trata de textos escritos por ellos mismos, mientras que otros fueron elaborados por los coordinadores después de entrevistarlos. Todos ellos son persona...
Gardado en:
| Autor Principal: | |
|---|---|
| Outros autores: | , , |
| Formato: | Libro |
| Idioma: | Lingua castelá |
| Publicado: |
México :
Grijalbo,
2011, c2001
|
| Temas: | |
| Etiquetas: |
Sen Etiquetas, Sexa o primeiro en etiquetar este rexistro!
|
MARC
| LEADER | 00000nam^a2200000^a^4500 | ||
|---|---|---|---|
| 001 | 000316476 | ||
| 005 | 20250521000000.0 | ||
| 008 | 111116 20112001 | ||
| 009 | 20260310113315.079 | ||
| 020 | |a 978-607-310-198-1 | ||
| 037 | |a Acervo ITESO - Biblioteca | ||
| 041 | |a ESP | ||
| 082 | |a 972. 07 |b MOT | ||
| 100 | |a Mota, Carlos |e (coord. e introd.) | ||
| 245 | 1 | 0 | |a Uno + uno : |b 32 líderes sumando por México / |c Coord. e introd. de C. Mota, A.P. Ordorica. |
| 264 | 4 | |a México : |b Grijalbo, |c 2011, c2001 | |
| 300 | |a 539 p. | ||
| 336 | |a texto |b txt |2 rdacontenido | ||
| 337 | |a sin mediación |b n |2 rdamedio | ||
| 338 | |a volumen |b nc |2 rdasoporte | ||
| 520 | |a Libro armado a partir de las reflexiones de treinta y dos mexicanos calificados como exitosos en sus respectivos campos de acción. En unos casos se trata de textos escritos por ellos mismos, mientras que otros fueron elaborados por los coordinadores después de entrevistarlos. Todos ellos son personas nacidas de la década de los 70 del siglo pasado en adelante. | ||
| 649 | |a XX | ||
| 650 | |a Mexicanos - |x Tema Principal | ||
| 650 | |a Exito - |z México - |x Tema Principal | ||
| 650 | |a México - |x Historia - |y Siglo XXI | ||
| 700 | |a Ordorica, Ana Paula |e (coordinación e introducción) | ||
| 700 | |a Martín Moreno, Francisco |e (prólogo) | ||
| 700 | |a Schwab, Klaus |e (prólogo) | ||
| 910 | |a Fondo General | ||
| 920 | |a Impresos - Libros | ||
| 930 | |a Colección General | ||
| 905 | |a 101 | ||
| 901 | |a 0500203279 |b IT1 |c ACC |i C128021 |u 20250521 | ||
| 902 | |a https://opac.biblio.iteso.mx/vufind/Record/000316476 | ||